[Event "Maastricht Limburg op-B 5th"]
[Site "Maastricht"]
[Date "2011.06.10"]
[Round "1"]
[White "Kuryliw, Ray"]
[Black "Aben, Paul"]
[Result "0-1"]
[WhiteElo "1831"]
[BlackElo "1949"]
[PlyCount "88"]
[EventDate "2011.06.10"]
[EventType "swiss"]
[EventRounds "7"]
[EventCountry "NED"]
[SourceTitle "EXT 2012"]
[Source "ChessBase"]
[SourceDate "2011.11.24"]
[SourceVersion "1"]
[SourceVersionDate "2011.11.24"]
[SourceQuality "1"]

1. f4 c5 2. Nf3 d5 3. e3 g6 4. d3 Bg7 5. Nbd2 Nc6 6. Be2 Nf6 7. Ne5 Qc7 8. Ndf3 Nd7 9. Nxc6 Qxc6 10. c3 0-0 11. Qc2 b6 12. 0-0 Qc7 13. d4 Nf6 14. Ne5 Bf5 15. Qa4 h5 16. Bd2 Ne4 17. Rad1 a6 18. Qb3 c4 19. Qa3 b5 20. Nf3 a5 21. b3 Rfb8 22. bxc4 dxc4 23. Rc1 Nd6 24. Ne5 Bxe5 25. fxe5 Ne4 26. Be1 Be6 27. Bf3 Bd5 28. Bxe4 Bxe4 29. Bh4 b4 30. Qb2 Rb7 31. Qf2 Rf8 32. Qf4 Qc6 33. g4 hxg4 34. Qxg4 b3 35. axb3 cxb3 36. c4 b2 37. d5 Bxd5 38. Rcd1 Qxc4 39. Rf4 Qc2 40. Rfd4 b1Q 41. Rxd5 Qba2 42. Qg3 Rb1 43. Qf3 Rxd1+ 44. Rxd1 Qxh2+ 0-1

[Event "Vlissingen HZ op 13th"]
[Site "Vlissingen"]
[Date "2009.08.04"]
[Round "5"]
[White "Aben, Paul"]
[Black "Haast, Anne"]
[Result "0-1"]
[WhiteElo "1846"]
[BlackElo "2158"]
[PlyCount "92"]
[EventDate "2009.08.01"]
[EventType "swiss"]
[EventRounds "9"]
[EventCountry "NED"]
[SourceTitle "CBM 131 Extra"]
[Source "ChessBase"]
[SourceDate "2009.09.03"]
[SourceVersion "2"]
[SourceVersionDate "2009.09.16"]
[SourceQuality "1"]

1. e4 e5 2. Nf3 Nc6 3. Bb5 a6 4. Ba4 Nf6 5. 0-0 Be7 6. Re1 b5 7. Bb3 0-0 8. h3 d6 9. c3 Na5 10. Bc2 c5 11. d4 Qc7 12. Nbd2 cxd4 13. cxd4 Nc6 14. Nf1 Nxd4 15. Nxd4 exd4 16. b3 d5 17. e5 Ne4 18. Bxe4 dxe4 19. Qxd4 Bb7 20. Bb2 Bc5 21. Qc3 Rac8 22. Rac1 Qe7 23. Qg3 Rfd8 24. Rcd1 Qe6 25. Qg5 Be7 26. Qf4 h6 27. Qe3 Rc2 28. Rxd8+ Bxd8 29. Bd4 Rxa2 30. Ng3 Bg5 31. Qc3 Bd2 32. Qc7 Qd5 33. Re2 e3 34. f3 Qxd4 35. Qxb7 Ra1+ 36. Kh2 Qxe5 37. Qc8+ Kh7 38. Qf5+ Qxf5 39. Nxf5 Re1 40. Rxe1 Bxe1 41. Nxe3 a5 42. Nc2 Bf2 43. g3 b4 44. Kg2 Bc5 45. Kf1 a4 46. Na1 Bd4 0-1

[Event "Vlissingen HZ op 13th"]
[Site "Vlissingen"]
[Date "2009.08.01"]
[Round "1"]
[White "Aben, Paul"]
[Black "Kuipers, Stefan"]
[Result "0-1"]
[WhiteElo "1846"]
[BlackElo "2324"]
[PlyCount "86"]
[EventDate "2009.08.01"]
[EventType "swiss"]
[EventRounds "9"]
[EventCountry "NED"]
[SourceTitle "CBM 131 Extra"]
[Source "ChessBase"]
[SourceDate "2009.09.03"]
[SourceVersion "2"]
[SourceVersionDate "2009.09.16"]
[SourceQuality "1"]

1. e4 c5 2. Nf3 Nc6 3. Bb5 g6 4. 0-0 Bg7 5. Bxc6 dxc6 6. d3 Bg4 7. h3 Bxf3 8. Qxf3 e5 9. Be3 b6 10. Nd2 Nf6 11. Qe2 0-0 12. a4 Nd7 13. Rab1 Re8 14. Nc4 Nf8 15. g3 f5 16. exf5 gxf5 17. Qh5 Qf6 18. Bg5 Qg6 19. Qxg6 hxg6 20. Be3 Ne6 21. g4 f4 22. Bc1 Rad8 23. f3 Kf7 24. Kg2 b5 25. Na5 Rd6 26. b4 cxb4 27. Rxb4 a6 28. Bb2 Nc7 29. Re4 Nd5 30. Kf2 Ne3 31. Rc1 c5 32. Ba3 Rc8 33. Nb7 Rdc6 34. c3 Kf6 35. axb5 axb5 36. Rb1 R8c7 37. Nxc5 Rxc5 38. Bxc5 Rxc5 39. Reb4 Rxc3 40. Rxb5 Rc2+ 41. Ke1 Kg5 42. Rb7 e4 43. Rxg7 exf3 0-1